书目信息 |
| 题名: |
向水而学
|
|
| 作者: | 王颂 , 卞红鹏 主编 ;南水北调中线干线鹤壁管理处 编著 | |
| 分册: | ||
| 出版信息: | 郑州 河南科学技术出版社 2022.03 |
|
| 页数: | 80页 | |
| 开本: | 24cm | |
| 丛书名: | ||
| 单 册: | ||
| 中图分类: | TV68-49 | |
| 科图分类: | ||
| 主题词: | 南水北调--nan shui bei diao--水利工程--青少年读物 | |
| 电子资源: | ||
| ISBN: | 978-7-5725-0755-7 | |
| 000 | 01435nam0 2200265 450 | |
| 001 | 29807 | |
| 005 | 20221116165908.42 | |
| 010 | @a978-7-5725-0755-7@dCNY39.00 | |
| 100 | @a20220622d2022 am y0chiy50 ea | |
| 101 | 0 | @achi |
| 102 | @aCN@b410000 | |
| 105 | @aa z 000yy | |
| 200 | 1 | @a向水而学@Axiang shui er xue@e写给孩子们的南水北调水文地理课@f南水北调中线干线鹤壁管理处编著 |
| 210 | @a郑州@c河南科学技术出版社@d2022.03 | |
| 215 | @a80页@c彩图@d24cm | |
| 314 | @a书内题: 王颂, 卞红鹏主编 | |
| 330 | @a本书立足于南水北调中线淇河倒虹吸工程, 以弘扬科学精神, 提高科学素养为目标, 讲述南水北调工程及延伸知识。从水情教育、科技教育、生态教育、安全教育四个主题出发, 为青少年研学实践活动的开展、人文地理知识的拓展, 提供课程支持。每个主题内容含知识讲解、知识探究、知识链接等模块, 将与“水”有密切关联的内容拓展延伸, 以期扩大学生的知识与视野。为学生了解水情国情、提升科学素养、建立生态文明观念、树立安全防范意识等提供参考和指导。本书是一本老师、学生全面了解南水北调知识的科普图书。 | |
| 517 | 1 | @a写给孩子们的南水北调水文地理课@Axie gei hai zi men de nan shui bei diao shui wen di li ke |
| 606 | 0 | @a南水北调@Anan shui bei diao@x水利工程@j青少年读物 |
| 690 | @aTV68-49@v5 | |
| 701 | 0 | @a王颂@Awang song@4主编 |
| 701 | 0 | @a卞红鹏@Abian hong peng@4主编 |
| 712 | 02 | @a南水北调中线干线鹤壁管理处@Anan shui bei diao zhong xian gan xian he bi guan li chu@4编著 |
| 801 | 0 | @aCN@c20220910 |
| 905 | @a河南城建学院图书馆@dTV68-49@eW352@f1 | |
| 向水而学:写给孩子们的南水北调水文地理课/南水北调中线干线鹤壁管理处编著.-郑州:河南科学技术出版社,2022.03 |
| 80页:彩图;24cm |
| ISBN 978-7-5725-0755-7:CNY39.00 |
| 本书立足于南水北调中线淇河倒虹吸工程, 以弘扬科学精神, 提高科学素养为目标, 讲述南水北调工程及延伸知识。从水情教育、科技教育、生态教育、安全教育四个主题出发, 为青少年研学实践活动的开展、人文地理知识的拓展, 提供课程支持。每个主题内容含知识讲解、知识探究、知识链接等模块, 将与“水”有密切关联的内容拓展延伸, 以期扩大学生的知识与视野。为学生了解水情国情、提升科学素养、建立生态文明观念、树立安全防范意识等提供参考和指导。本书是一本老师、学生全面了解南水北调知识的科普图书。 |
| ● |
| 相关链接 |
|
|
|
正题名:向水而学
索取号:TV68-49/W352
 
预约/预借
| 序号 | 登录号 | 条形码 | 馆藏地/架位号 | 状态 | 备注 |
| 1 | 1583835 | 215838351 | 自科库501/501自科库 48排4列2层/ [索取号:TV68-49/W352] | 在馆 |